HEALTH ECONOMICS AND FINANCING (Record no. 58834)
[ view plain ]
| 000 -LEADER | |
|---|---|
| fixed length control field | 00353nam a22001457a 4500 |
| 008 - FIXED-LENGTH DATA ELEMENTS--GENERAL INFORMATION | |
| fixed length control field | 221109b ||||| |||| 00| 0 eng d |
| 020 ## - INTERNATIONAL STANDARD BOOK NUMBER | |
| International Standard Book Number | 9780470469019 |
| 041 ## - LANGUAGE CODE | |
| Language code of text/sound track or separate title | eng |
| 080 ## - UNIVERSAL DECIMAL CLASSIFICATION NUMBER | |
| Edition identifier | FOURTH EDITION |
| Universal Decimal Classification number | 616.12 |
| 082 ## - DEWEY DECIMAL CLASSIFICATION NUMBER | |
| Classification number | 616.12 GET |
| 100 ## - Rafti | |
| Rafti | 11.2 |
| 101 ## - Shkurtesa | |
| Shkurtesa | KARDI |
| 245 ## - TITLE STATEMENT | |
| Title | HEALTH ECONOMICS AND FINANCING |
| Statement of responsibility, etc | GETZEN THOMAS |
| 942 ## - ADDED ENTRY ELEMENTS (KOHA) | |
| Source of classification or shelving scheme | |
| Item type | Books |
| Withdrawn status | Lost status | Source of classification or shelving scheme | Damaged status | Not for loan | Collection code | Permanent location | Current location | Date acquired | Total Checkouts | Full call number | Barcode | Date last seen | Price effective from | Koha item type |
|---|---|---|---|---|---|---|---|---|---|---|---|---|---|---|
| Koleksioni i përgjithshem | UBT - Lipjan | UBT - Lipjan | 11/09/2022 | 616.12 GET | 002-800028700260571 | 11/09/2022 | 11/09/2022 | Books | ||||||
| Koleksioni i përgjithshem | UBT - Lipjan | UBT - Lipjan | 11/09/2022 | 616.12 GET | 002-800028700260572 | 11/09/2022 | 11/09/2022 | Books | ||||||
| Koleksioni i përgjithshem | UBT - Lipjan | UBT - Lipjan | 11/09/2022 | 616.12 GET | 002-800028700260573 | 11/09/2022 | 11/09/2022 | Books | ||||||
| Koleksioni i përgjithshem | UBT - Lipjan | UBT - Lipjan | 11/09/2022 | 616.12 GET | 002-800028700260574 | 11/09/2022 | 11/09/2022 | Books | ||||||
| Koleksioni i përgjithshem | UBT - Lipjan | UBT - Lipjan | 11/09/2022 | 616.12 GET | 002-800028700260575 | 11/09/2022 | 11/09/2022 | Books |